Click the U.S. Cities on a Map - Statistics

General Stats
  • This quiz has been taken 64,128 times
  • The average score is 15 of 36
Answers on the Map
Answers color-coded by a green-red scale on the quiz's map according to % correct below.
 
Answer Stats
Answer % Correct
Miami
48%
Seattle
48%
Boston
47%
New York
47%
Tampa
47%
Washington D.C.
47%
Chicago
46%
New Orleans
46%
San Francisco
46%
Phoenix
45%
Atlanta
44%
Indianapolis
44%
Philadelphia
44%
Cleveland
43%
Denver
43%
Los Angeles
43%
Nashville
43%
Salt Lake City
43%
Detroit
42%
San Diego
42%
Pittsburgh
41%
Anchorage
40%
Las Vegas
40%
Milwaukee
39%
Minneapolis
39%
Cincinnati
38%
Dallas
38%
Honolulu
38%
Houston
38%
Birmingham
37%
St. Louis
37%
Boise
36%
Charlotte
34%
Memphis
34%
El Paso
33%
Omaha
31%
No matching quizzes found
Score Distribution
Percent of People with Each Score
Percentile by Number Answered
Your Score History
You have not taken this quiz